Zkušenosti z činnosti komisie MVS v Jihomoravském kraji

Bibliographic Details
Main Author: Kleskeňová, Dagmar (Author)
Format: Article
Language:Czech
Subjects:

MARC

LEADER 00000nab a2200000 a 4500
001 vtls000009754
003 SK-MaSNL
005 20260303210201.0
008 111026c1978 xo 0 cze
015 |a SNBRA19rr/mm-uuuuu 
035 |a CL0019848 
040 |a SNKBUCL  |b slo  |c SNKBUCL  |e AACR2 
041 0 |a cze 
044 |a xo  |c SK 
080 |a 024.68(437.2-13)  |2 1981 
100 1 |a Kleskeňová, Dagmar  |4 aut  |9 1145689 
245 1 0 |a Zkušenosti z činnosti komisie MVS v Jihomoravském kraji  |c Dagmar Kleskeňová 
650 0 7 |a medziknižničná výpožičná služba  |2 snkbucl  |9 64702 
651 7 |a Jihomoravský kraj (Česko)  |2 snkbucl  |9 200564 
655 7 |a články zo zborníkov  |2 snkbucl  |9 166140 
655 7 |a články z odboru knihovníctvo  |2 snkbucl  |9 166141 
773 0 |t Organizácia a využívanie medziknižničnej výpožičnej služby a súborných katalógov  |d Bratislava : Univerzitná knižnica, 1978 
850 |a Slovenská národná knižnica v Martine  |a MTA001 
852 |a SNK  |b KIS3GCP 
958 7 |a RK 
958 7 |a KL 
992 |a RZB 
999 |c 2199151  |d 2201081